Administracin̤ de sistemas gestores de bases de datos

Detalles Bibliográficos
Autor principal: Valderrey Sanz, Pablo
Formato: eBook
Lenguaje:español
Publicado: Bogot:̀ ECOE, 2013
Materias:
Acceso en línea:Acceso restringido

MARC

LEADER 00000nam a22000007a 4500
005 20220214235038.0
007 cr|||| ||||
008 220214s2013 co |||||s|||| 00||0 spa d
020 |a 978-958-648-983-6 
035 |a 35819 
040 |a vLex 
090 |c 13000  |d 13000 
100 1 |a Valderrey Sanz, Pablo 
245 1 0 |a Administracin̤ de sistemas gestores de bases de datos  |h [Recurso electrn̤ico] /  |c Pablo Valderrey Sanz 
256 |a Servicio en ln̕ea 
260 |a Bogot:̀  |b ECOE,  |c 2013 
300 |a 1 recurso electrn̤ico 
506 1 |a Disponible solo en los productos indicados  |d vLex Global  |d vLex Global (Academic Edition, excluding Law Schools)  |d vLex Global (U.S. Academic Edition, Law Schools)  |d vLex Global (U.S. Academic Edition, excluding Law Schools)  |d vLex Global (Academic Edition, Law Schools) 
650 0 4 |a Derecho de las Nuevas Tecnologa̕s  |z Colombia 
740 0 |a vLex Libros (Servicio en ln̕ea) 
856 4 0 |u https://app.vlex.com/#/sources/35819  |z Acceso restringido 
942 |c BOOK 
999 0 |a Law of New Technologies